| 000 | 01350nam a2200253Ia 4500 | ||
|---|---|---|---|
| 003 | OSt | ||
| 005 | 20210721114628.0 | ||
| 008 | 210310s2000 ck ado gr 000 0 spa d | ||
| 020 | _a9589040616 | ||
| 040 |
_aCO-JMCR _cCO-JMCR |
||
| 041 | _aspa | ||
| 082 | 0 | 4 |
_a332.109861 / _bC766a _223 |
| 110 | 2 |
_aAsociación Bancaria y de Entidades Financieras de Colombia. _936990 |
|
| 245 | 1 | 0 |
_a1999: año difícil para la economía y el sector financiero / _cAsociación Bancaria y de Entidades Financieras de Colombia. |
| 260 |
_a Cartagena, Colombia : _bAsobancaria, _c2000. |
||
| 300 |
_a310 páginas : _bilustraciones, gráficas y fotografías a color ; _c24 cm. |
||
| 440 |
_a#N/A _926975 |
||
| 490 |
_aBanca ; _v99. |
||
| 505 | _aNuevos caminos parra dinamizar el sistema productivo de la economía. -- Microcrédito y desarrollo social. Panorama internacional y examen de casos exitosos. -- Intervención de la superintendente bancaria. -- Prevención y solución de la crisis financiera. -- Causas de la recesión y estrategia de reactivación. -- Una nueva banca hipotecaria. -- ¿Avanza Colombia hacia la paz?. | ||
| 650 | 1 | 4 |
_aSistema financiero _vCongresos, conferencias, _zColombia _926976 |
| 650 | 2 | 4 |
_aPolítica económica _vCongresos, conferencias _zColombia _938596 |
| 650 | 2 | 4 |
_aCondiciones económicas _zColombia _96839 |
| 942 |
_2ddc _cBK |
||
| 999 |
_c11985 _d11985 |
||